| 000 | 00844nam a22002177a 4500 | ||
|---|---|---|---|
| 005 | 20100819160056.0 | ||
| 010 | _aENG-100971 | ||
| 020 |
_a9788132100751 _c550.00 |
||
| 035 | _aEN-84504 | ||
| 037 | _bDBAD/PUB | ||
| 082 | _a658.312 | ||
| 100 |
_aChanda, Ashok _915325 |
||
| 245 |
_aHRM strategic integration and organizational performance / _cby Ashok Chanda [and] Jie Shen |
||
| 260 |
_aNew Delhi _bResponse Books _c2009 |
||
| 270 |
_aB1/I-1 Mohan Cooperative Industrial Area, Mathura Road _bNew Delhi _e110044 |
||
| 300 |
_axxiv,384p. _c22cm (pbk) |
||
| 500 | _aIncludes bibliographical references and index | ||
| 700 |
_aShen, Jie _915326 |
||
| 942 |
_2ddc _cEN _h658.312 _mCHA |
||
| 999 |
_c42614 _d42614 |
||